<?xml version="1.0" encoding="UTF-8"?>
<record
    xmlns:xsi="http://www.w3.org/2001/XMLSchema-instance"
    xsi:schemaLocation="http://www.loc.gov/MARC21/slim http://www.loc.gov/standards/marcxml/schema/MARC21slim.xsd"
    xmlns="http://www.loc.gov/MARC21/slim">

  <leader>01957cam a22003135a 4500</leader>
  <controlfield tag="001">15611159</controlfield>
  <controlfield tag="003">OSt</controlfield>
  <controlfield tag="005">20210414114236.0</controlfield>
  <controlfield tag="008">090204s2010    at a          000 0 eng  </controlfield>
  <datafield tag="010" ind1=" " ind2=" ">
    <subfield code="a">  2009922268</subfield>
  </datafield>
  <datafield tag="020" ind1=" " ind2=" ">
    <subfield code="a">9780324599343</subfield>
  </datafield>
  <datafield tag="020" ind1=" " ind2=" ">
    <subfield code="a">032459934X</subfield>
  </datafield>
  <datafield tag="040" ind1=" " ind2=" ">
    <subfield code="a">DLC</subfield>
    <subfield code="c">DLC</subfield>
    <subfield code="d">DLC</subfield>
  </datafield>
  <datafield tag="050" ind1="0" ind2="0">
    <subfield code="a">HF5415.2.C49 </subfield>
  </datafield>
  <datafield tag="082" ind1="0" ind2="0">
    <subfield code="a">658.8/3</subfield>
    <subfield code="2">22</subfield>
  </datafield>
  <datafield tag="100" ind1="1" ind2=" ">
    <subfield code="a">Churchill, Gilbert A.</subfield>
  </datafield>
  <datafield tag="245" ind1="1" ind2="0">
    <subfield code="a">Basic marketing research. /</subfield>
    <subfield code="c">Gilbert A. Churchill Jr., Tom J. Brown, Tracy A. Suter.</subfield>
  </datafield>
  <datafield tag="250" ind1=" " ind2=" ">
    <subfield code="a">7th ed.</subfield>
  </datafield>
  <datafield tag="260" ind1=" " ind2=" ">
    <subfield code="a">Australia ;</subfield>
    <subfield code="a">Mason, OH :</subfield>
    <subfield code="b">South-Western/Cengage Learning,</subfield>
    <subfield code="c">c2010.</subfield>
  </datafield>
  <datafield tag="300" ind1=" " ind2=" ">
    <subfield code="a">xxvi, 594 p.:</subfield>
    <subfield code="b">ill.;</subfield>
    <subfield code="c">29 cm.</subfield>
  </datafield>
  <datafield tag="500" ind1=" " ind2=" ">
    <subfield code="a">Includes access code for free 4 month subscription to InfoTrac college edition, the online library (http://www.qualtrics.com/basic).</subfield>
  </datafield>
  <datafield tag="505" ind1=" " ind2=" ">
    <subfield code="a">Contents: The role of marketing research -- Gathering marketing intelligence:the systems approach -- Gathering marketing intelligence:the project approach -- Problem formulation -- Types of research design and exploratory research -- Descriptive and causal research designs -- Secondary data -- Standardized marketing information service -- Collecting primary data -- Collecting information by communication -- Collecting Information by observation -- Asking good questions:measurement basic -- Measuring attitudes and other variables -- Designing the questionnaire or observation form -- Developing the sampling plan -- Determining sample size -- Collecting the data:nonsampling errors and response rate calculation -- Data analysis:preliminary steps -- Data analysis:analyzing individual variable and basic of hypothesis testing -- Data analysis:analyzing multiple variables simultaneously -- The research report --  </subfield>
  </datafield>
  <datafield tag="650" ind1=" " ind2="0">
    <subfield code="a">Marketing research.</subfield>
  </datafield>
  <datafield tag="700" ind1="1" ind2=" ">
    <subfield code="a">Brown, Tom J.</subfield>
  </datafield>
  <datafield tag="700" ind1="1" ind2=" ">
    <subfield code="a">Suter,Tracy A</subfield>
  </datafield>
  <datafield tag="906" ind1=" " ind2=" ">
    <subfield code="a">7</subfield>
    <subfield code="b">ibc</subfield>
    <subfield code="c">orignew</subfield>
    <subfield code="d">2</subfield>
    <subfield code="e">epcn</subfield>
    <subfield code="f">20</subfield>
    <subfield code="g">y-gencatlg</subfield>
  </datafield>
  <datafield tag="942" ind1=" " ind2=" ">
    <subfield code="2">lcc</subfield>
    <subfield code="c">BK</subfield>
  </datafield>
  <datafield tag="999" ind1=" " ind2=" ">
    <subfield code="c">3144</subfield>
    <subfield code="d">10644</subfield>
  </datafield>
  <datafield tag="952" ind1=" " ind2=" ">
    <subfield code="0">0</subfield>
    <subfield code="1">0</subfield>
    <subfield code="2">lcc</subfield>
    <subfield code="4">0</subfield>
    <subfield code="7">0</subfield>
    <subfield code="a">WIUC-1</subfield>
    <subfield code="b">WIUC-1</subfield>
    <subfield code="c">REF</subfield>
    <subfield code="d">2014-07-16</subfield>
    <subfield code="l">0</subfield>
    <subfield code="o">HF5415.2.C49</subfield>
    <subfield code="p">7636/63/14</subfield>
    <subfield code="r">2014-07-16 00:00:00</subfield>
    <subfield code="t">1</subfield>
    <subfield code="w">2014-07-16</subfield>
    <subfield code="y">BK</subfield>
  </datafield>
  <datafield tag="952" ind1=" " ind2=" ">
    <subfield code="0">0</subfield>
    <subfield code="1">0</subfield>
    <subfield code="2">lcc</subfield>
    <subfield code="4">0</subfield>
    <subfield code="7">0</subfield>
    <subfield code="a">WIUC-1</subfield>
    <subfield code="b">WIUC-1</subfield>
    <subfield code="c">REF</subfield>
    <subfield code="d">2014-07-16</subfield>
    <subfield code="l">0</subfield>
    <subfield code="o">HF5415.2.C491</subfield>
    <subfield code="p">7637/64/14</subfield>
    <subfield code="r">2014-07-16 00:00:00</subfield>
    <subfield code="t">2</subfield>
    <subfield code="w">2014-07-16</subfield>
    <subfield code="y">BK</subfield>
  </datafield>
</record>
